Memoria primer congreso centroamericano de integración

Shranjeno v:
Bibliografske podrobnosti
Korporativna značnica: CSUCA
Format: Texto
Izdano: San José: CSUCA
Oznake: Označite
Brez oznak, prvi označite!

MARC

LEADER 00000 a a2200000 04500
001 20791
003
040
090 |a 088700  
110 |a CSUCA  
245 |a Memoria primer congreso centroamericano de integración  
260 |a San José:   |b CSUCA  
300 |a 679 p.  
999 |c 13217  |d 13217